El tratamiento de los problemas de drogas : una guía para el terapeuta /

Bibliographic Details
Main Author: Nogal Tomé, Miguel del, 1976- (Author)
Format: Electronic eBook
Language:Spanish
Published: Bilbao : Desclée, 2014.
Edition:1a edición.
Series:Colección Serendipity. Serie maior ; 36.
Subjects:
Online Access:Digitalia Hispánica

MARC

LEADER 00000nam a2200000 i 4500
001 DIGDESCL0092
003 NyNyDIG
006 m o d
007 cr |||||||||||
008 231119s2014 sp a ob 000 0 spa d
035 |a (OCoLC)1410556946 
040 |a DGITA  |b eng  |e rda  |e pn  |c DGITA 
020 |a 9788433036698  |q eBook 
020 |a 9788433023612 
050 1 4 |a RC563 ebook 
100 1 |a Nogal Tomé, Miguel del,  |d 1976-  |e author. 
245 1 3 |a El tratamiento de los problemas de drogas :  |b una guía para el terapeuta /  |c Miguel del Nogal Tomé. 
250 |a 1a edición. 
264 1 |a Bilbao :  |b Desclée,  |c 2014. 
300 |a 1 online resource :  |b illustrations. 
336 |a text  |b txt  |2 rdacontent 
337 |a computer file  |b c  |2 rdamedia 
338 |a online resource  |b cr  |2 rdacarrier 
347 |a text file  |2 rdaft 
347 |b EPUB 
490 1 |a Serendipity. Maior ;  |v 36 
504 |a Includes bibliographical references. 
588 0 |a Online resource; title from ePub title page (Digitalia, viewed November 19, 2023) 
650 0 |a Drug addiction. 
650 0 |a Drug abuse  |x Treatment. 
650 0 |a Drug addicts. 
776 0 8 |i Print version:  |a Nogal Tomé, Miguel del, 1976-  |t Tratamiento de los problemas de drogas.  |d Bilbao : Desclée, [2009]  |z 9788433023612 
791 2 |a Digitalia (Firm),  |e distributor. 
793 0 |g Digitalia eBook Collection:  |a Editorial Desclée De Brouwer 
830 0 |a Colección Serendipity.  |p Serie maior ;  |v 36. 
856 4 0 |3 Digitalia Hispánica  |u https://www.digitaliapublishing.com/a/84156/ 
910 |a Premium collection: 2023